| 000 | 00442nam a2200133Ia 4500 | ||
|---|---|---|---|
| 008 | 170516s9999 xx 000 0 und d | ||
| 245 | _aCervical vertebral injuries associated with the ossification of the posterior longitudinal ligament: Imaging features | ||
| 260 | _bActa Radiologica Open | ||
| 260 | _c2017 | ||
| 300 | _a6:3 | ||
| 650 | _xRadiologic Technology | ||
| 650 | _xRadtech | ||
| 856 | _uhttp://journals.sagepub.com/toc/arrb/6/3 | ||
| 999 |
_c332225 _d332225 |
||